BABYMONSTER all songs(May 2026 update) - Statistics

General Stats
  • This quiz has been taken 729 times
    90 since last reset
  • The average score is 18 of 24
Answer Stats
Hint Answer % Correct
DRIP DRIP
98%
WE GO UP WE GO UP
94%
Debut Single BATTER UP
92%
CHOOM CHOOM
92%
BABYMONS7ER SHEESH
88%
BABYMONS7ER DREAM
84%
Pre-Release (DRIP) FOREVER
82%
BABYMONS7ER LIKE THAT
82%
CHOOM MOON
82%
WE GO UP PSYCHO
82%
DRIP Really Like You
82%
Pre-Release (BABYMONS7ER) Stuck In The Middle
80%
Digital Single HOT SAUCE
78%
DRIP Love In My Heart
76%
WE GO UP SUPA DUPA LUV
76%
DRIP CLIK CLAK
71%
WE GO UP WILD
69%
DRIP Woke Up In Tokyo
69%
DRIP BILLIONAIRE
65%
Other release Ghost
63%
BABYMONS7ER MONSTERS
63%
CHOOM I LIKE IT
61%
DRIP Love, Maybe
61%
CHOOM LOCKED IN
59%
No matching quizzes found
Score Distribution
Percent of People with Each Score
Percentile by Number Answered
Your Score History
You have not taken this quiz since the last reset